Statistics for Every Chic song that hit the Billboard hot 100

Click here to take the quiz!

General Stats

  • This quiz has been taken 7 times
  • The average score is 4 of 9

Answer Stats

Peak Chart PositionYearSong% Correct
11979Good Times
100%
11979Le Freak
83%
61978Dance, Dance, Dance (Yowsah, Yowsah, Yowsah)
67%
71979I Want Your Love
50%
431979My Forbidden Lover
17%
611980Rebels Are We
17%
791980Real People / Chip Off The Old Block
17%
801982Soup For One
17%
381978Everyboy Dance
0%

Score Distribution

Percentile by Number Answered

Percent of People with Each Score

Your Score History

You have not taken this quiz